[Event "Cto Aragon Equipos Pref Gr I "]
[Site "Aragon"]
[Date "2018.02.10"]
[Round "3.38"]
[White "Alonso Blasco, Jose Miguel"]
[Black "Maza Broto, Pablo"]
[Result "0-1"]
[WhiteElo "1949"]
[BlackElo "2076"]
[PlyCount "130"]
[EventDate "2018.??.??"]
[EventType "tourn"]
[EventRounds "9"]
[EventCountry "ESP"]

1. e4 e6 2. d4 d5 3. Nd2 Nf6 4. e5 Nfd7 5. c3 c5 6. Bd3 Nc6 7. Ne2 Be7 8. O-O
Qb6 9. Nf3 f6 10. exf6 Nxf6 11. b3 O-O 12. Bf4 Nh5 13. Be5 Nxe5 14. Nxe5 cxd4
15. cxd4 Bd6 16. Nc3 Nf4 17. Bc2 Bxe5 18. dxe5 Bd7 19. a4 Rac8 20. Ne2 Qc7 21.
Nxf4 Rxf4 22. g3 Rf7 23. Rc1 Qxe5 24. Qd3 Qh5 25. Qe3 Re8 26. Bd1 Qg6 27. Bc2
Qf6 28. Qd3 g6 29. f4 Rc8 30. Bb1 Rff8 31. Rce1 Rc3 32. Qd1 Rfc8 33. Re5 Qf8
34. Qg4 Rc1 35. Ree1 Rxe1 36. Rxe1 Qf6 37. Kg2 Rc3 38. Qd1 b5 39. Re5 Qe7 40.
Qd4 Qc5 41. Qxc5 Rxc5 42. axb5 Rxb5 43. Re3 Kf7 44. Bd3 Rb4 45. Be2 d4 46. Rd3
Bb5 47. Rd2 Bxe2 48. Rxe2 Rxb3 49. Ra2 Rb7 50. Kf3 Rd7 51. Ke2 d3+ 52. Kd2 Ke7
53. Ra5 Kd8 54. Ra6 Ke7 55. h4 Kf6 56. Ra5 Rb7 57. g4 Rd7 58. Ra6 Rd4 59. Rxa7
Rxf4 60. g5+ Ke5 61. Rxh7 Ke4 62. Re7 e5 63. Rd7 Rf2+ 64. Ke1 Rh2 65. Rd6 Ke3
0-1

[Event "Cto Aragon Equipos Pref Gr I "]
[Site "Aragon"]
[Date "2018.02.10"]
[Round "3.39"]
[White "Rodriguez Leiva, Manuel"]
[Black "Morato Garcia, Jesus"]
[Result "1-0"]
[WhiteElo "1935"]
[BlackElo "1914"]
[PlyCount "113"]
[EventDate "2018.??.??"]
[EventType "tourn"]
[EventRounds "9"]
[EventCountry "ESP"]

1. c4 c5 2. Nc3 Nc6 3. Nf3 Nf6 4. g3 g6 5. Bg2 Bg7 6. O-O O-O 7. d3 e6 8. Bg5
h6 9. Bf4 Nh5 10. Bd6 Re8 11. Nb5 Bf8 12. Qd2 Kh7 13. g4 Ng7 14. Qf4 Bxd6 15.
Qxd6 Qe7 16. Qg3 d6 17. Nxd6 Rd8 18. Nb5 a6 19. Nc3 Ne8 20. Rad1 Nf6 21. h3 Bd7
22. Ne5 Nxe5 23. Qxe5 Be8 24. f4 Ng8 25. Qe3 Rac8 26. Qf2 Bc6 27. e4 Rd7 28. f5
exf5 29. gxf5 Rcd8 30. Nd5 Qf8 31. fxg6+ Kxg6 32. Nf4+ Kh7 33. Nd5 Qg7 34. Kh1
Rd6 35. Qxf7 Rg6 36. Qxg7+ Kxg7 37. Rf2 Rd7 38. Rdf1 b5 39. b3 Kh8 40. Rf7 Rg3
41. Rxd7 Bxd7 42. Nf4 Ne7 43. Kh2 Rg8 44. Nh5 Rg5 45. Rf8+ Ng8 46. Nf6 Be6 47.
Nxg8 Bxg8 48. Rf6 bxc4 49. bxc4 Kg7 50. Rxa6 Bf7 51. a4 Bh5 52. Rd6 Be2 53. a5
Kf7 54. a6 h5 55. a7 Rg8 56. e5 h4 57. Bd5+ 1-0

[Event "Cto Aragon Equipos Pref Gr I "]
[Site "Aragon"]
[Date "2018.02.10"]
[Round "3.40"]
[White "Javierre Conesa, Alfonso"]
[Black "Salas Latorre, Jose"]
[Result "1-0"]
[WhiteElo "1898"]
[BlackElo "1769"]
[PlyCount "75"]
[EventDate "2018.??.??"]
[EventType "tourn"]
[EventRounds "9"]
[EventCountry "ESP"]

1. Nf3 d5 2. d4 Nf6 3. c4 e6 4. Nc3 c6 5. e3 Bd6 6. Bd3 Nbd7 7. O-O O-O 8. e4
dxc4 9. Bxc4 e5 10. Bg5 Qe7 11. Re1 Rd8 12. Qe2 Re8 13. h3 Bb4 14. a3 Bxc3 15.
bxc3 b5 16. Bd3 Bb7 17. c4 a6 18. cxb5 axb5 19. Qb2 Ra7 20. Be3 exd4 21. Nxd4
Raa8 22. Nf5 Qe6 23. Bf4 Ne5 24. Bf1 Ra4 25. Rad1 Ng6 26. Rd6 Nxf4 27. Rxe6
Rxe6 28. f3 Ng6 29. Rd1 Ra8 30. Nd6 Re7 31. Nxb7 Rxb7 32. Rd6 Rc7 33. Qc3 Rac8
34. g3 Nd7 35. h4 Nb6 36. Bh3 Ra8 37. Rxc6 Rb7 38. Bf1 1-0

[Event "Cto Aragon Equipos Pref Gr I "]
[Site "Aragon"]
[Date "2018.02.10"]
[Round "3.41"]
[White "Gutierrez Mingueza, Ruben"]
[Black "Miranda Herrera, Jorge Manuel"]
[Result "1-0"]
[WhiteElo "2080"]
[BlackElo "1858"]
[PlyCount "55"]
[EventDate "2018.??.??"]
[EventType "tourn"]
[EventRounds "9"]
[EventCountry "ESP"]

1. d4 d5 2. Nf3 Nf6 3. c4 c6 4. Nc3 g6 5. cxd5 cxd5 6. g3 Bg7 7. Bg2 O-O 8. Ne5
b6 9. O-O Bb7 10. f4 Ne4 11. Be3 f6 12. Nd3 Nxc3 13. bxc3 Nc6 14. f5 g5 15. Bf2
Na5 16. Re1 Qc8 17. e4 Re8 18. exd5 Qxc3 19. Rc1 Qa3 20. Qd2 Qd6 21. Nb4 Rac8
22. Rxc8 Rxc8 23. Re6 Qd7 24. Qe1 Kf7 25. Bf3 Bh6 26. d6 exd6 27. Nd5 Re8 28.
Bh5+ 1-0

[Event "Cto Aragon Equipos Pref Gr I "]
[Site "Aragon"]
[Date "2018.02.10"]
[Round "3.42"]
[White "Miranda Garcia, Eduardo"]
[Black "Gracia Suarez, Jesus"]
[Result "0-1"]
[WhiteElo "1810"]
[BlackElo "2080"]
[PlyCount "74"]
[EventDate "2018.??.??"]
[EventType "tourn"]
[EventRounds "9"]
[EventCountry "ESP"]

1. e4 c5 2. g3 d5 3. exd5 Qxd5 4. Qf3 Nf6 5. Nc3 Qe6+ 6. Qe3 Nd5 7. Nxd5 Qxd5
8. Nf3 Nc6 9. Bg2 Nd4 10. O-O Bh3 11. Bxh3 Nxf3+ 12. Kh1 Ne1+ 13. f3 Nxc2 14.
Qc3 Nxa1 15. b3 Qd4 16. Qa5 e6 17. Re1 Nc2 18. Bb2 b6 19. Qb5+ Qd7 20. Qxd7+
Kxd7 21. Re4 Rd8 22. f4 f5 23. Ra4 a5 24. Be5 Ne1 25. d4 Nd3 26. Bf1 Nxe5 27.
dxe5 Kc6 28. Rc4 Rd1 29. Kg2 g5 30. Rc2 gxf4 31. gxf4 Rg8+ 32. Kf2 Bh6 33. Bc4
Kd7 34. Ke3 Rg4 35. Bb5+ Ke7 36. Be2 Re1 37. Kf2 Rxe2+ 0-1

[Event "Cto Aragon Equipos Pref Gr I "]
[Site "Aragon"]
[Date "2018.02.10"]
[Round "3.43"]
[White "Ferreruela Romero, Jose Joaquin"]
[Black "Soto Fidalgo, Guillermo"]
[Result "1-0"]
[WhiteElo "2021"]
[BlackElo "1809"]
[PlyCount "76"]
[EventDate "2018.??.??"]
[EventType "tourn"]
[EventRounds "9"]
[EventCountry "ESP"]

1. d4 d5 2. c4 c6 3. Nf3 Nf6 4. Nc3 dxc4 5. a4 Bf5 6. e3 e6 7. Bxc4 Bb4 8. O-O
O-O 9. Ne2 Nbd7 10. Ng3 Be4 11. Nxe4 Nxe4 12. Qb3 Qa5 13. Bd3 Ndf6 14. Qc2 Qd5
15. Ne5 Rac8 16. f3 Nd6 17. Ng4 Nde8 18. e4 Qh5 19. Nf2 h6 20. Bf4 Nc7 21. e5
Nfd5 22. g4 Qh4 23. Bg3 Qe7 24. Qe2 f5 25. exf6 Nxf6 26. Ne4 Nce8 27. Bc4 Nd5
28. Kh1 Nf4 29. Bxf4 Rxf4 30. Nc5 Nc7 31. Nxe6 Rf7 32. f4 Kh8 33. Qe4 Re8 34.
f5 Rf6 35. g5 hxg5 36. Qg4 Nxe6 37. Bxe6 Rh6 38. Rf3 Qf6 1-0

[Event "Cto Aragon Equipos Pref Gr I "]
[Site "Aragon"]
[Date "2018.02.10"]
[Round "3.44"]
[White "Miranda Herrera, Miguel"]
[Black "Palomar Ramon, Santiago"]
[Result "1/2-1/2"]
[WhiteElo "1722"]
[BlackElo "1914"]
[PlyCount "63"]
[EventDate "2018.??.??"]
[EventType "tourn"]
[EventRounds "9"]
[EventCountry "ESP"]

1. e4 e5 2. d4 exd4 3. c3 {C21 Danish Gambit} d3 $6 {(-0.38 ? 0.54) Inaccuracy.
Best move was dxc3.} (3... dxc3 4. Nxc3 Bc5 5. Bc4 d6 6. Nf3 Nf6 7. e5 dxe5 8.
Qxd8+) 4. Bxd3 d5 5. exd5 Qxd5 6. Nf3 Bd6 7. O-O Nc6 8. Be4 Qh5 $6 {(0.28 ? 0.
86) Inaccuracy. Best move was Qxd1.} (8... Qxd1 9. Rxd1 Nf6 10. Nbd2 O-O 11.
Bxc6 bxc6 12. Nc4 Bc5 13. Re1 Be6 14. Nfe5 Ng4 15. Nxg4) 9. Bxc6+ bxc6 10. h3
$6 {(0.83 ? 0.10) Inaccuracy. Best move was Nbd2.} (10. Nbd2 Nf6) 10... Ne7 11.
Nbd2 O-O 12. Ne4 Ba6 $6 {(0.15 ? 0.92) Inaccuracy. Best move was Rd8.} (12...
Rd8 13. Nxd6 Rxd6 14. Nd4 Qg6 15. Qf3 Rf6 16. Qg3 Qxg3 17. fxg3 Rxf1+ 18. Kxf1
Rb8 19. b4) 13. Re1 Rfd8 $6 {(0.78 ? 1.29) Inaccuracy. Best move was Nf5.} (
13... Nf5 14. Nxd6 cxd6 15. Bf4 Qg6 16. Kh2 Rfb8 17. b4 Qf6 18. Qd2 h6 19. g4
Ne7 20. Rxe7) 14. Nxd6 Rxd6 15. Qa4 Bb5 16. Qa5 Rg6 17. Bg5 $2 {(1.30 ? 0.00)
Mistake. Best move was Ne5.} (17. Ne5) 17... h6 $2 {(0.00 ? 2.75) Mistake.
Best move was Rxg5.} (17... Rxg5 18. Nxg5 Qxg5 19. a4 Ng6 20. axb5 Nh4 21. g3
Nf3+ 22. Kg2 Qd5 23. Re7 Ng5+ 24. Kh2) 18. Rxe7 hxg5 $2 {(2.68 ? 4.27) Mistake.
Best move was Bc4.} (18... Bc4 19. Re4 Be6 20. Rae1 hxg5 21. Qc5 Rb8 22. b3 Rf6
23. Nd4 Bd5 24. Qxa7 Rf8 25. Re8) 19. Ne5 Rf6 $6 {(4.24 ? 4.97) Inaccuracy.
Best move was Rd6.} (19... Rd6 20. Qxc7) 20. c4 $2 {(4.97 ? 2.87) Mistake.
Best move was Re1.} (20. Re1) 20... Qe2 21. Re1 Qxf2+ 22. Kh1 Rf4 $4 {(2.21 ?
5.51) Blunder. Best move was Qc5.} (22... Qc5 23. Ng4 Qxc4 24. Nxf6+ gxf6 25.
b3 Qd5 26. Rxc7 Kg7 27. Ree7 Qd1+ 28. Qe1 Qxe1+ 29. Rxe1) 23. cxb5 Rd8 $6 {(5.
37 ? 5.95) Inaccuracy. Best move was Rf5.} (23... Rf5 24. Nxc6) 24. Ng4 Rxg4
25. Re8+ $4 {(5.51 ? 0.90) Blunder. Best move was R7e2.} (25. R7e2) 25... Kh7
26. hxg4 $2 {(1.42 ? 0.00) Mistake. Best move was R8e2.} (26. R8e2 Qh4 27. bxc6
Rf4 28. Qxc7 Rd2 29. Qe5 Rxe2 30. Rxe2 Rf1+ 31. Kh2 Qc4 32. Qe4+ Qxe4) 26...
Rd2 27. R1e2 Rxe2 28. Rxe2 Qxe2 29. bxc6 Qd1+ 30. Kh2 Qd6+ 31. Kg1 Qxc6 32.
Qxa7 1/2-1/2

[Event "Cto Aragon Equipos Pref Gr I "]
[Site "Aragon"]
[Date "2018.02.10"]
[Round "3.45"]
[White "Felez Casedas, Carlos"]
[Black "Sarto Ramos, Angel"]
[Result "0-1"]
[WhiteElo "1998"]
[BlackElo "1937"]
[PlyCount "130"]
[EventDate "2018.??.??"]
[EventType "tourn"]
[EventRounds "9"]
[EventCountry "ESP"]

1. d4 d6 2. Nf3 Nf6 3. c4 c5 4. Nc3 cxd4 5. Nxd4 Nc6 6. g3 g6 7. Bg2 Bd7 8. O-O
Bg7 9. e3 O-O 10. a3 Qc8 11. Re1 Bh3 12. Bh1 Re8 13. b3 Rb8 14. Bb2 a6 15. Rc1
Nxd4 16. Qxd4 Ng4 17. Qd2 Qf5 18. Nd5 Bxb2 19. Qxb2 Ne5 20. Qe2 Bg4 21. e4 Qh5
22. Qe3 g5 23. Rc3 Be6 24. Qe2 Qxe2 25. Rxe2 Bg4 26. Rec2 Nd7 27. Bg2 Kf8 28.
f3 Bh5 29. Bh3 e6 30. Kf2 Bg6 31. Ne3 h5 32. Rd2 Ke7 33. Rcd3 Nc5 34. Rxd6 Nxb3
35. Rd7+ Kf8 36. R2d6 Nc5 37. Rc7 Rec8 38. Rxc8+ Rxc8 39. Nd5 g4 40. Nb6 Rc7
41. Bg2 gxf3 42. Bxf3 Nxe4+ 43. Bxe4 Bxe4 44. Ke3 Bc6 45. Kf4 Ke7 46. Rd4 f6
47. Rd2 Be8 48. h4 Bg6 49. Rb2 e5+ 50. Ke3 Bf7 51. Ke4 Rc6 52. Nd5+ Bxd5+ 53.
cxd5 Rc4+ 54. Kf5 b5 55. Kg6 Rg4+ 56. Kf5 Rxg3 57. a4 Rf3+ 58. Kg6 bxa4 59. Rb6
a5 60. Ra6 a3 61. Rxa5 Kd6 62. Kxh5 Rg3 63. Kh6 f5 64. h5 f4 65. Kh7 f3 0-1

[Event "Cto Aragon Equipos Pref Gr I "]
[Site "Aragon"]
[Date "2018.02.10"]
[Round "3.46"]
[White "Labrador Postigo, Francisco M"]
[Black "Pellicer Cemeli, Jose Luis"]
[Result "1-0"]
[WhiteElo "1901"]
[BlackElo "1969"]
[PlyCount "139"]
[EventDate "2018.??.??"]
[EventType "tourn"]
[EventRounds "9"]
[EventCountry "ESP"]

1. d4 Nf6 2. Bg5 d5 3. Bxf6 gxf6 4. e3 Bf5 5. c4 c6 6. Nc3 e6 7. cxd5 exd5 8.
Bd3 Qd7 9. a3 Bxd3 10. Qxd3 f5 11. Nge2 Bd6 12. f4 Qe6 13. O-O Nd7 14. Ng3
O-O-O 15. Rae1 Kb8 16. Qxf5 Qh6 17. e4 dxe4 18. Ncxe4 Rhe8 19. Ng5 Rxe1 20.
Rxe1 Qg7 21. Rd1 Nf6 22. N3e4 Nxe4 23. Nxe4 Bc7 24. Nf6 Ka8 25. Kh1 a6 26. b4
Qg6 27. Qxg6 hxg6 28. g3 Bb6 29. d5 Rd6 30. Ng4 f6 31. Kg2 cxd5 32. Kf3 d4 33.
Rd3 Kb8 34. Ne3 Kc7 35. Nc4 Rc6 36. Nxb6 Kxb6 37. Ke4 Kb5 38. Rxd4 Ka4 39. Rd3
a5 40. bxa5 Kxa5 41. g4 Kb5 42. f5 Rc4+ 43. Rd4 gxf5+ 44. gxf5 Rc2 45. h4 Rc3
46. a4+ Kc5 47. Rd5+ Kc6 48. Rd3 Rc4+ 49. Rd4 Rc3 50. Kf4 Rc1 51. Kg4 Rg1+ 52.
Kh5 b5 53. axb5+ Kxb5 54. Rd6 Kc5 55. Rxf6 Kd5 56. Rg6 Rh1 57. Kg5 Ke5 58. Re6+
Kd5 59. Re8 Rg1+ 60. Kh6 Rf1 61. Kg6 Rg1+ 62. Kf6 Rh1 63. Rh8 Ke4 64. Ke6 Kf4
65. f6 Re1+ 66. Kf7 Kf5 67. Rg8 Rh1 68. Rg5+ Kf4 69. Rc5 Rxh4 70. Rc4+ 1-0

[Event "Cto Aragon Equipos Pref Gr I "]
[Site "Aragon"]
[Date "2018.02.10"]
[Round "3.47"]
[White "Fuentes Espuna, Juan Antonio"]
[Black "Hernandez Delgado, Gabriel"]
[Result "0-1"]
[WhiteElo "1958"]
[BlackElo "1853"]
[PlyCount "82"]
[EventDate "2018.??.??"]
[EventType "tourn"]
[EventRounds "9"]
[EventCountry "ESP"]

1. d4 c5 2. d5 g6 3. e4 Bg7 4. Nf3 d6 5. Be2 Nf6 6. Nbd2 O-O 7. O-O e6 8. c4 e5
9. Rb1 Nh5 10. Nb3 f5 11. Bg5 Bf6 12. Bxf6 Qxf6 13. Nbd2 f4 14. b4 Na6 15. a3
Bd7 16. Ne1 Ng7 17. Nd3 b6 18. bxc5 bxc5 19. Bg4 Be8 20. Rb7 h5 21. Bh3 Rf7 22.
Qb3 g5 23. f3 Qd8 24. Rb1 Qa5 25. Qa2 Nb4 26. R1xb4 cxb4 27. Rxb4 g4 28. fxg4
Bd7 29. g5 Bxh3 30. gxh3 f3 31. h4 f2+ 32. Kf1 Raf8 33. Qb2 Qc7 34. Qc3 Qd7 35.
Nb2 Rf4 36. c5 dxc5 37. Rc4 Rxh4 38. Qxe5 Qh3+ 39. Ke2 f1=Q+ 40. Nxf1 Qxf1+ 41.
Kd2 Rh3 0-1

[Event "Cto Aragon Equipos Pref Gr I "]
[Site "Aragon"]
[Date "2018.02.10"]
[Round "3.48"]
[White "De La Riva Fernandez, Eduardo"]
[Black "Puertolas Serena, Arturo"]
[Result "1/2-1/2"]
[WhiteElo "1825"]
[BlackElo "1837"]
[PlyCount "84"]
[EventDate "2018.??.??"]
[EventType "tourn"]
[EventRounds "9"]
[EventCountry "ESP"]

1. e4 e6 2. d4 d5 3. Nd2 Nf6 4. e5 Nfd7 5. Bd3 c5 6. c3 Nc6 7. Ne2 Qb6 8. Nf3
cxd4 9. cxd4 f6 10. exf6 Nxf6 11. O-O Bd6 12. Re1 O-O 13. Bf4 e5 14. Nxe5 Bxe5
15. dxe5 Ng4 16. Rf1 Ngxe5 17. Be3 Qb4 18. Nd4 Bg4 19. Nxc6 bxc6 20. Qc2 Nxd3
21. Qxd3 Qxb2 22. Bd4 Qb7 23. Qg3 Bf5 24. Rfe1 Bg6 25. Re3 Rae8 26. Rb3 Qe7 27.
Re3 Qb4 28. Bxa7 Rxe3 29. Qxe3 Re8 30. Qc1 Qa5 31. Be3 Qb5 32. a4 Qa6 33. a5
Rb8 34. Bb6 Qb5 35. Ra2 Re8 36. h3 Bd3 37. Rb2 Qc4 38. Qxc4 Bxc4 39. Rc2 Re1+
40. Kh2 Ra1 41. Kg3 Kf7 42. Rc3 Ra2 1/2-1/2

[Event "Cto Aragon Equipos Pref Gr I "]
[Site "Aragon"]
[Date "2018.02.10"]
[Round "3.49"]
[White "Ocabo Vera, Pedro Aristides"]
[Black "Carruez Gracia, Eduardo"]
[Result "1-0"]
[WhiteElo "1800"]
[BlackElo "2024"]
[PlyCount "85"]
[EventDate "2018.??.??"]
[EventType "tourn"]
[EventRounds "9"]
[EventCountry "ESP"]

1. d4 Nf6 2. Bf4 g6 3. e3 Bg7 4. Nf3 d6 5. h3 O-O 6. Be2 Nbd7 7. O-O b6 8. c4
Bb7 9. Nc3 Re8 10. Rc1 e5 11. Bh2 Bxf3 12. Bxf3 e4 13. Be2 h5 14. b4 a5 15. b5
Bh6 16. Na4 Qe7 17. Qb3 g5 18. Rc2 g4 19. hxg4 Nxg4 20. Bxg4 hxg4 21. Rfc1 Kg7
22. c5 Rh8 23. Bg3 Bg5 24. cxd6 Qf6 25. Rxc7 Qh6 26. Kf1 Qh1+ 27. Ke2 Qxg2 28.
Rxd7 Qf3+ 29. Kd2 Rh3 30. Rcc7 Rf8 31. Nxb6 Bh4 32. Bxh4 Rxh4 33. Rxf7+ Rxf7
34. Rxf7+ Qxf7 35. Qxf7+ Kxf7 36. Nc4 Ke6 37. b6 Rh2 38. Ke1 a4 39. a3 Kd5 40.
d7 Rh8 41. Ne5 Ke6 42. b7 Rd8 43. Nc6 1-0

[Event "Cto Aragon Equipos Pref Gr I "]
[Site "Aragon"]
[Date "2018.02.10"]
[Round "3.50"]
[White "Carruez Berges, Fernando"]
[Black "Sanroman Lopez, Julian"]
[Result "1/2-1/2"]
[WhiteElo "1981"]
[BlackElo "1760"]
[PlyCount "101"]
[EventDate "2018.??.??"]
[EventType "tourn"]
[EventRounds "9"]
[EventCountry "ESP"]

1. e4 b6 2. d4 Bb7 3. Bd3 d6 4. Nf3 e6 5. Qe2 Nd7 6. Bf4 a6 7. h4 c5 8. c3 Qc7
9. e5 dxe5 10. dxe5 Ne7 11. Nbd2 b5 12. h5 Nd5 13. Bg3 Be7 14. Ne4 N5b6 15. h6
g6 16. Rd1 O-O 17. Nf6+ Bxf6 18. exf6 Qc6 19. Rh4 Rad8 20. Be4 Qc8 21. Bxb7
Qxb7 22. Bd6 Rfe8 23. Be7 Rc8 24. Re4 Nd5 25. Rxe6 Nf4 26. Qe4 Qxe4+ 27. Rxe4
Nxf6 28. Rxf4 Rxe7+ 29. Kf1 Nh5 30. Rh4 Rce8 31. g4 Nf6 32. g5 Ne4 33. Rf4 Re6
34. Rd7 R8e7 35. Rd8+ Re8 36. Rd5 c4 37. Nd4 Re5 38. Rxe5 Rxe5 39. Nf3 Re7 40.
Rg4 f5 41. gxf6 Nxf6 42. Rf4 Ne4 43. Nd4 Nd6 44. Rf6 Rd7 45. Ne6 Rf7 46. Rxf7
Kxf7 47. Ng5+ Kg8 48. a4 Nf5 49. axb5 axb5 50. Ne4 Kf7 51. f4 1/2-1/2

[Event "Cto Aragon Equipos Pref Gr I "]
[Site "Aragon"]
[Date "2018.02.10"]
[Round "3.51"]
[White "Rodriguez Aranda, Kevin"]
[Black "Martin Pastor, Ivan"]
[Result "1-0"]
[WhiteElo "1734"]
[BlackElo "1787"]
[PlyCount "103"]
[EventDate "2018.??.??"]
[EventType "tourn"]
[EventRounds "9"]
[EventCountry "ESP"]

1. e4 e5 2. Nf3 d6 3. Bc4 c6 4. Nc3 Be7 5. d4 Nd7 6. O-O h6 7. dxe5 dxe5 8. Qe2
Ngf6 9. Rd1 Qc7 10. Nh4 b5 11. Bb3 Nc5 12. Be3 Nxb3 13. cxb3 b4 14. Na4 Nxe4
15. Bxa7 Nf6 16. Bb6 Qb8 17. Qc4 Rxa4 18. Qxc6+ Bd7 19. Rxd7 Nxd7 20. Rd1 O-O
21. Qxa4 Qxb6 22. Nf5 Bc5 23. Qxd7 Bxf2+ 24. Kh1 e4 25. Rd6 Qc5 26. Rc6 Qe5 27.
Ne7+ Kh8 28. Rc8 Qxe7 29. Qxe7 Rxc8 30. g3 e3 31. Qe4 f5 32. Qd3 Rc1+ 33. Kg2
Ra1 34. a3 bxa3 35. bxa3 Ra2 36. Qc3 Rd2 37. a4 f4 38. gxf4 Bh4+ 39. Kf3 Rxh2
40. Qc8+ Kh7 41. Qc2+ g6 42. Qc7+ Kg8 43. Qc8+ Kf7 44. Qc4+ Kg7 45. Qd4+ Kf7
46. Qd5+ Kg7 47. Qd7+ Kf6 48. Kxe3 g5 49. Qd6+ Kf7 50. f5 Rh3+ 51. Ke2 g4 52.
Qg6+ 1-0

[Event "Cto Aragon Equipos Pref Gr I "]
[Site "Aragon"]
[Date "2018.02.10"]
[Round "3.52"]
[White "Navarro Sancho, Rafael"]
[Black "Mendoza Barcia, Pedro"]
[Result "0-1"]
[WhiteElo "1772"]
[BlackElo "1686"]
[PlyCount "36"]
[EventDate "2018.??.??"]
[EventType "tourn"]
[EventRounds "9"]
[EventCountry "ESP"]

1. e4 e5 2. Nf3 Nf6 3. d3 Nc6 4. Nc3 Bb4 5. Be2 O-O 6. Bd2 d5 7. exd5 Nxd5 8.
O-O Bf5 9. Nxd5 Qxd5 10. a3 Bxd2 11. Qxd2 Rfe8 12. Qg5 Bg6 13. h4 h6 14. Qg4 e4
15. Ne1 Nd4 16. dxe4 Rxe4 17. Bf3 Rxg4 18. Bxd5 Ne2+ 0-1

[Event "Cto Aragon Equipos Pref Gr II"]
[Site "Aragon"]
[Date "2018.02.10"]
[Round "3.53"]
[White "Gracia Campo, Carlos Alberto"]
[Black "Garcia Morales, Roberto"]
[Result "1-0"]
[WhiteElo "2058"]
[BlackElo "2066"]
[PlyCount "83"]
[EventDate "2018.??.??"]
[EventType "tourn"]
[EventRounds "9"]
[EventCountry "ESP"]

1. e4 e5 2. Nf3 Nc6 3. Bc4 Nf6 4. d3 Be7 5. O-O O-O 6. h3 d6 7. c3 Na5 8. Bb5
a6 9. Ba4 b5 10. Bc2 c5 11. d4 cxd4 12. cxd4 Bb7 13. Nc3 Qc7 14. Bg5 b4 15.
Bxf6 bxc3 16. Bxe7 cxb2 17. Bxf8 bxa1=Q 18. Qxa1 Rxf8 19. Bd3 f5 20. Rc1 Qd8
21. d5 Bc8 22. exf5 Bxf5 23. Bxa6 Be4 24. Rc8 Qb6 25. Rxf8+ Kxf8 26. Ng5 Bxd5
27. Qd1 Bxa2 28. Qf3+ Ke7 29. Bd3 h6 30. Ne4 Bf7 31. Qg4 d5 32. Ng3 g6 33. Qh4+
Qf6 34. Qb4+ Qd6 35. Qxa5 e4 36. Qa7+ Ke6 37. Be2 Kf6 38. Qe3 g5 39. Bh5 Be6
40. Bg4 Bxg4 41. hxg4 d4 42. Nxe4+ 1-0

[Event "Cto Aragon Equipos Pref Gr II"]
[Site "Aragon"]
[Date "2018.02.10"]
[Round "3.54"]
[White "Carruez Berges, Santiago"]
[Black "Bayod Rubia, Angel"]
[Result "1-0"]
[WhiteElo "2026"]
[BlackElo "1990"]
[PlyCount "129"]
[EventDate "2018.??.??"]
[EventType "tourn"]
[EventRounds "9"]
[EventCountry "ESP"]

1. e4 d6 2. d4 Nf6 3. Nc3 Nbd7 4. Nf3 e5 5. Bc4 Be7 6. O-O O-O 7. Re1 c6 8. a4
a5 9. Ba2 exd4 10. Nxd4 Nc5 11. Qf3 Be6 12. Be3 Bxa2 13. Rxa2 Nfd7 14. Nf5 Ne6
15. Raa1 Ne5 16. Qg3 Kh8 17. Rad1 g6 18. Nxe7 Qxe7 19. Bh6 Rg8 20. f4 Nd7 21.
Ne2 Ng7 22. Nd4 Nc5 23. e5 d5 24. Bg5 Qd7 25. Nf3 Qf5 26. Nd4 Qc8 27. Qh4 Ne4
28. Nf3 h5 29. Bf6 Qg4 30. Bxg7+ Rxg7 31. Qe7 f5 32. Qh4 Re8 33. h3 Qxh4 34.
Nxh4 Nc5 35. b3 Ne6 36. g3 Kh7 37. Kf2 Rf7 38. Nf3 Kh6 39. h4 Kg7 40. Ke3 Rd7
41. Rd2 Nc5 42. Ng5 Rde7 43. Red1 Ne6 44. Nxe6+ Rxe6 45. Kd4 b6 46. Rd3 Kf7 47.
Ke3 Ke7 48. c4 dxc4 49. bxc4 c5 50. Rd7+ Kf8 51. Rb7 R8e7 52. Rd8+ Kf7 53. Rbb8
Kg7 54. Kd3 Kf7 55. Rf8+ Kg7 56. Rg8+ Kh7 57. Rgd8 Kg7 58. Rd6 Rxd6+ 59. exd6
Re4 60. Rxb6 Rd4+ 61. Kc3 Kf7 62. Rc6 Ke8 63. Rxc5 Rxd6 64. Re5+ Kf7 65. Rxa5
1-0

[Event "Cto Aragon Equipos Pref Gr II"]
[Site "Aragon"]
[Date "2018.02.10"]
[Round "3.55"]
[White "Bailo Remacha, Santiago"]
[Black "Larrosa Poves, Jose Manuel"]
[Result "1-0"]
[WhiteElo "1982"]
[BlackElo "1953"]
[PlyCount "97"]
[EventDate "2018.??.??"]
[EventType "tourn"]
[EventRounds "9"]
[EventCountry "ESP"]

1. g3 d5 2. Bg2 Nf6 3. b3 e5 4. Bb2 Bd6 5. Nf3 Qe7 6. O-O O-O 7. d4 e4 8. Ne5
Nbd7 9. Nxd7 Bxd7 10. c4 c6 11. Nc3 Rae8 12. e3 Bg4 13. Qd2 Qd7 14. f3 exf3 15.
Bxf3 Bxf3 16. Rxf3 Ne4 17. Qc2 Nxc3 18. Qxc3 Re4 19. cxd5 cxd5 20. Qa5 Qe6 21.
Re1 g5 22. Bc1 f5 23. Ref1 f4 24. gxf4 gxf4 25. exf4 Kh8 26. Kh1 Re2 27. Qb5
Qe4 28. Qd3 Qxd3 29. Rxd3 Rxa2 30. Re3 Rc8 31. Re6 Rcc2 32. Rd1 Rxh2+ 33. Kg1
Bf8 34. f5 h5 35. Bf4 Rhg2+ 36. Kh1 h4 37. Re8 Kg7 38. Be5+ Kf7 39. Rb8 b5 40.
Rb7+ Kg8 41. Rxb5 h3 42. Rg1 Kh7 43. Rxd5 Bh6 44. Rd7+ Kg8 45. f6 Bf8 46. f7+
Kh7 47. Rd8 Bg7 48. f8=Q Bxf8 49. Rxf8 1-0

[Event "Cto Aragon Equipos Pref Gr II"]
[Site "Aragon"]
[Date "2018.02.10"]
[Round "3.56"]
[White "Lopez Guaita, Fernando"]
[Black "Arinez Bruna, Octavio"]
[Result "1/2-1/2"]
[WhiteElo "1869"]
[BlackElo "1906"]
[PlyCount "71"]
[EventDate "2018.??.??"]
[EventType "tourn"]
[EventRounds "9"]
[EventCountry "ESP"]

1. e4 c5 2. Nf3 d6 3. d3 Nc6 4. g3 g6 5. Bg2 Bg7 6. O-O Nf6 7. Nbd2 O-O 8. a4
Ne8 9. c3 Nc7 10. Ne1 Rb8 11. f4 f5 12. Nef3 Kh8 13. Nc4 Be6 14. Qe2 Qd7 15.
Ng5 Bg8 16. Be3 e6 17. e5 d5 18. Nd6 b6 19. Nf3 Ne8 20. Nxe8 Rfxe8 21. Rfb1 Bf8
22. Qe1 Rec8 23. b4 cxb4 24. cxb4 a5 25. b5 Nb4 26. Qd2 Rc2 27. Qd1 Rc3 28. Bf1
Qc7 29. Nd4 Bc5 30. Rc1 Rxc1 31. Rxc1 Rc8 32. Kg2 Qb7 33. Bf2 Na2 34. Rc2 Nb4
35. Rc1 Na2 36. Rc2 1/2-1/2

[Event "Cto Aragon Equipos Pref Gr II"]
[Site "Aragon"]
[Date "2018.02.10"]
[Round "3.57"]
[White "Aguirre Izaguirre, Pedro Jose"]
[Black "Climente Martinez, Jose Luis"]
[Result "0-1"]
[WhiteElo "2196"]
[BlackElo "2068"]
[PlyCount "80"]
[EventDate "2018.??.??"]
[EventType "tourn"]
[EventRounds "9"]
[EventCountry "ESP"]

1. c4 Nf6 2. Nc3 e6 3. e4 d5 4. exd5 exd5 5. d4 Be7 6. Bd3 dxc4 7. Bxc4 O-O 8.
Nge2 Nbd7 9. O-O Nb6 10. Bd3 Bg4 11. f3 Bh5 12. Be3 Bg6 13. Ne4 Nbd5 14. Bf2 c6
15. a3 a5 16. Qb3 Qc8 17. Rac1 Rd8 18. Rfe1 Qe6 19. N2g3 Nf4 20. Bc4 Qd7 21.
Rcd1 h5 22. Nc5 Bxc5 23. dxc5 Qc7 24. Ne4 Nxe4 25. fxe4 Rxd1 26. Qxd1 Rd8 27.
Qf3 Qe5 28. b4 axb4 29. axb4 Rd2 30. Bf1 Ne6 31. Qe3 Qb2 32. Re2 Rxe2 33. Qxe2
Qxb4 34. Qd1 Qxe4 35. Qb3 Qb1 36. Qe3 Be4 37. h3 Nxc5 38. Be1 Ne6 39. Kf2 Qc2+
40. Be2 Qc5 0-1

[Event "Cto Aragon Equipos Pref Gr II"]
[Site "Aragon"]
[Date "2018.02.10"]
[Round "3.58"]
[White "Garcia Estruch, Jorge"]
[Black "Martinez Cebolla, Alberto"]
[Result "1/2-1/2"]
[WhiteElo "1785"]
[BlackElo "2087"]
[PlyCount "69"]
[EventDate "2018.??.??"]
[EventType "tourn"]
[EventRounds "9"]
[EventCountry "ESP"]

1. e4 e5 2. Nf3 Nc6 3. Bb5 Nf6 4. Qe2 Bc5 5. c3 d6 6. O-O O-O 7. d3 h6 8. h3 a6
9. Ba4 Ba7 10. Rd1 Bd7 11. Bc2 Re8 12. Nbd2 Ne7 13. Nf1 Ng6 14. Ng3 Qc8 15. Be3
c6 16. Qd2 Kh7 17. Kh2 d5 18. Re1 c5 19. exd5 Nxd5 20. d4 Nxe3 21. fxe3 f5 22.
dxe5 Nxe5 23. Rad1 Nxf3+ 24. gxf3 Be6 25. e4 fxe4 26. Rxe4 Kh8 27. Qd3 Bg8 28.
Qe2 Rxe4 29. fxe4 Qc7 30. Qg4 Rd8 31. Kg2 Rxd1 32. Bxd1 Bb8 33. b3 Qe5 34. c4
Qb2+ 35. Qe2 1/2-1/2